Die bekanntesten Transferströme zwischen Mainz und Wolfsburg - Statistiken

Allgemein
  • Dieses Quiz wurde 14 mal gespielt
  • Das Durchschnittsergebnis liegt bei 3 aus 8
Antwortstatistiken
Saison Abgebender Verein Aufnehmender Verein Position Ablöse in € Spielername % Korrekt
2020/2021 Mainz Wolfsburg Rechter Verteidiger 10.000.000 Baku
100%
2016/2017 Mainz Wolfsburg Offensives MF 12.500.000 Malli
78%
2019/2020 Wolfsburg Mainz Innenverteidiger Leihe Bruma
44%
2007/2008 Wolfsburg Mainz Zentrales MF ablösefrei Karhan
33%
2013/2014 Wolfsburg Mainz Zentrales MF 5.000.000 Koo
22%
2008/2009 Wolfsburg Mainz Linker Verteidiger ablösefrei Van der Heyden
22%
2007/2008 Wolfsburg Mainz Mittelstürmer Leihe 100.000 Boakye
11%
2013/2014 Wolfsburg Mainz Mittelstürmer 750.000 Polter
11%
Keine übereinstimmenden Quizze gefunden
Verteilung der Resultate
Anzahl Personen mit jedem Resultat
Perzentil nach korrekt beantworteten Fragen
Ihre Resultats-Entwicklung
Sie haben dieses Quiz noch nicht gespielt